अध्यक्ष महोदय (Record no. 102837)

MARC details
000 -LEADER
fixed length control field 00582nam a2200181Ia 4500
008 - FIXED-LENGTH DATA ELEMENTS--GENERAL INFORMATION
fixed length control field 090124s9999 xx 000 0 und d
082 ## - DEWEY DECIMAL CLASSIFICATION NUMBER
Item number 36986
100 ## - MAIN ENTRY--PERSONAL NAME
Personal name घटाटे ना. मा.
245 ## - TITLE STATEMENT
Title अध्यक्ष महोदय
250 ## - EDITION STATEMENT
Edition statement 1
260 ## - PUBLICATION, DISTRIBUTION, ETC. (IMPRINT)
Name of publisher, distributor, etc साहित्य प्रसार केंद्र
Date of publication, distribution, etc 2000
300 ## - PHYSICAL DESCRIPTION
Extent 192
600 ## - SUBJECT ADDED ENTRY--PERSONAL NAME
Personal name घटाटे ना. मा.
630 ## - SUBJECT ADDED ENTRY--UNIFORM TITLE
Uniform title अध्यक्ष महोदय
700 ## - ADDED ENTRY--PERSONAL NAME
Personal name घटाटे ना. मा.
730 ## - ADDED ENTRY--UNIFORM TITLE
Uniform title अध्यक्ष महोदय
942 ## - ADDED ENTRY ELEMENTS (KOHA)
Koha item type Book
Holdings
Withdrawn status Lost status Damaged status Not for loan Home library Current library Date acquired Cost, normal purchase price Total Checkouts Full call number Barcode Date last seen Cost, replacement price Price effective from Koha item type
        Nagar Wachan Mandir, Thane Nagar Wachan Mandir, Thane   170.00   36986 THNNWM-36986 01/24/2009 170.00 01/24/2009 Book